000 00864nam a22002537a 4500
001 BR8002668
003 BR-BrBNA
005 20230928090611.0
007 ta
008 230509b bl.||||| |||| 00| 0 por d
040 _aBR-BrBNA
_bpor
_cBiblioteca Nacional de Agricultura
041 _a(Eng, Por)
072 _aA00
_b/G514
090 _ A00 BR8002668
100 1 _aCordeiro, P.P. (comp.)
110 1 _aEmpresa Brasileira de Pesquisa Agropecuaria, Brasilia, DF. Depto. de Informacao e Documentacao
_93872
245 1 _aPublicacoes editadas pelo Departamento de Informacao e Documentacao. List of available publications [Bibliografia; Empresa Brasileira de Pesquisa Agropecuaria]
260 3 _aBrasilia, DF (Brasil):
_c1980.
300 _a24 p.
650 _aAgricultura
650 _aBibliografia
909 _a202309
_bLucia
_c55
_dLucia Elande
942 _cBK
999 _c29567
_d29567